Devalvácia koruny nerozbúrila cenovú hladinu Analýza vývoja inflácie, životných nákladov a spotreby obyvateľstva v roku 1993
Komentované štatistické údaje za rok 1993, jednotlivé mesiace a polroky: vývoj spotrebiteľských cien za všetky spotrebné komplexy, vývoj životných nákladov za domácnosti všetkých sociálnych skupín spolu a osobitne za domácnosti zamestnanecké, roľníkov a dôchodcov, ako aj vývoj maloobchodného obratu...
Enregistré dans:
| Auteur principal: | |
|---|---|
| Autres auteurs: | |
| Format: | Chapitre de livre |
| Langue: | slovaque |
| Sujets: | |
| Tags: |
Pas de tags, Soyez le premier à ajouter un tag!
|
MARC
| LEADER | 00000naa a2200000 4500 | ||
|---|---|---|---|
| 001 | r015137 | ||
| 005 | 20221205091109.7 | ||
| 041 | 0 | |a slo | |
| 044 | |a SK | ||
| 245 | 1 | 0 | |a Devalvácia koruny nerozbúrila cenovú hladinu |b Analýza vývoja inflácie, životných nákladov a spotreby obyvateľstva v roku 1993 |c Ľubica Hrnčiarová, J. Prosnan |
| 520 | |a Komentované štatistické údaje za rok 1993, jednotlivé mesiace a polroky: vývoj spotrebiteľských cien za všetky spotrebné komplexy, vývoj životných nákladov za domácnosti všetkých sociálnych skupín spolu a osobitne za domácnosti zamestnanecké, roľníkov a dôchodcov, ako aj vývoj maloobchodného obratu a tržieb za pohostinské, ubytovacie a opravárske služby. Očakávaná miera inflácie a životných nákladov v r. 1994. | ||
| 610 | 2 | 0 | |a ceny maloobchodné |
| 610 | 2 | 0 | |a inflácia |
| 610 | 2 | 0 | |a náklady životné |
| 610 | 2 | 0 | |a domácnosti |
| 610 | 2 | 0 | |a zamestnanci |
| 610 | 2 | 0 | |a roľníci |
| 610 | 2 | 0 | |a dôchodcovia |
| 610 | 2 | 0 | |a Slovensko |
| 610 | 2 | 0 | |a 1993 |
| 610 | 2 | 0 | |a 1994 |
| 610 | 2 | 0 | |a údaje štatistické |
| 610 | 2 | 0 | |a obrat maloobchodný |
| 100 | 1 | |a Hrnčiarová, Ľubica | |
| 700 | 1 | |a Prosnan, Jozef | |